000 00613nam a2200229Ia 4500
003 OSt
005 20221005123453.0
006 a|||||r|||| 00| 0
007 ta
008 221004b |||||||| |||| 00| 0 eng d
024 _a39309
037 _cTextual
040 _aCRL
_cCRL
_beng
041 _2eng
_aeng
082 _aO:3M40:22, K6
100 _aHardy Thomas
245 0 _aLife and death of the Mayor of Casterbridge
_b A story of a man of character
260 _c1966
650 _aENGLISH LITERATURE
942 _hO:3M40:22, K6
_cTEXL
_2cc
999 _c1047522
_d1047522